Microbeam analysis in biology /

Microbeam Analysis in Biology contains the proceedings of a workshop on Biological X-Ray Microanalysis by Electron Beam Excitation, held in Boston, Massachusetts on August 25-26, 1977. This book focuses on the principles, techniques, and biological use of electron probe microanalysis, energy-loss sp...

Full description

Bibliographic Details
Corporate Authors: Workshop on Biological X-ray Microanalysis by Electron Beam Excitation Boston, Mass., ScienceDirect (Online service), National Institutes of Health (U.S.). Division of Research Resources
Other Authors: Lechene, Claude P. (Editor), Warner, Ronald R. (Editor)
Format: Conference Proceeding eBook
Language:English
Published: New York : Academic Press, 1979.
Series:Academic Press rapid manuscript reproduction
Subjects:
Online Access:Connect to the full text of this electronic book

MARC

Tag First Indicator Second Indicator Subfields
LEADER 00000cam a22000007i 4500
001 in00005773247
005 20260327175926.2
006 m o d
007 cr bn||||||ada
008 240603s1979 nyua ob 101 0 eng d
010 |z  79024948  
040 |a OCLCE  |b eng  |e rda  |e pn  |c OCLCE  |d OPELS  |d IDEBK  |d E7B  |d OCLCF  |d UIU  |d YDXCP  |d LEAUB  |d INARC  |d OCLCL  |d COA  |d GZM  |d OCLCO  |d OCLCQ  |d OCLCL  |d OCLCO  |d OCLCQ 
019 |a 819532977  |a 1256521017  |a 1340072608 
020 |z 0124403409 
020 |z 9780124403406 
024 8 |a (WaSeSS)ssj0000786261 
035 |a (OCoLC)1438784553  |z (OCoLC)819532977  |z (OCoLC)1256521017  |z (OCoLC)1340072608 
042 |a dlr 
050 4 |a QH324.9.X2  |b W67 1977 
060 4 |a QH 324.9.X2  |b W926m 1977 
070 1 |a QH324.9.X2W67  |b 1977 
082 0 4 |a 574.1/9285 
049 |a TXAM 
111 2 |a Workshop on Biological X-ray Microanalysis by Electron Beam Excitation  |d (1977 :  |c Boston, Mass.) 
245 1 0 |a Microbeam analysis in biology /  |c edited by Claude P. Lechene, Ronald R. Warner. 
264 1 |a New York :  |b Academic Press,  |c 1979. 
300 |a 1 online resource (xx, 672 pages) :  |b illustrations. 
336 |a text  |b txt  |2 rdacontent 
337 |a computer  |b c  |2 rdamedia 
338 |a online resource  |b cr  |2 rdacarrier 
347 |a text file  |2 rdaft  |0 http://rdaregistry.info/termList/fileType/1002. 
490 0 |a Academic Press rapid manuscript reproduction 
500 |a Sponsored by the Division of Research Resources, National Institutes of Health. 
504 |a Includes bibliographical references and index. 
520 |a Microbeam Analysis in Biology contains the proceedings of a workshop on Biological X-Ray Microanalysis by Electron Beam Excitation, held in Boston, Massachusetts on August 25-26, 1977. This book focuses on the principles, techniques, and biological use of electron probe microanalysis, energy-loss spectroscopy, and ion probe microanalysis. This text reflects the emphasis of the workshop on presenting the principles of analysis, the optimization of operating conditions, the description of successful techniques for sample preparation and quantitation, the illustration of problems and pitfalls, and the direction of microbeam analysis in biology. 
538 |a Master and use copy. Digital master created according to Benchmark for Faithful Digital Reproductions of Monographs and Serials, Version 1. Digital Library Federation, December 2002.  |u http://purl.oclc.org/DLF/benchrepro0212  |5 MiAaHDL 
583 1 |a digitized  |c 2024.  |h HathiTrust Digital Library  |l committed to preserve  |2 pda  |5 MiAaHDL 
588 0 |a Print version record. 
650 0 |a X-ray microanalysis  |v Congresses. 
650 0 |a Electron probe microanalysis. 
650 0 |a X-ray spectroscopy. 
650 2 |a Electron Probe Microanalysis 
650 2 |a Electron Probe Microanalysis  |x methods 
650 2 |a Spectrometry, X-Ray Emission 
650 6 |a Microanalyse aux rayons X  |v Congrès. 
650 6 |a Microanalyse par sonde électronique. 
650 6 |a Spectroscopie des rayons X. 
650 7 |a x-ray spectroscopy.  |2 aat 
650 7 |a X-ray spectroscopy  |2 fast 
650 7 |a Electron probe microanalysis  |2 fast 
650 7 |a X-ray microanalysis  |2 fast 
653 |a Biology  |a Electron probe microanalysis 
653 0 0 |a analytische methoden 
653 0 0 |a analytical methods 
653 0 0 |a elektronenmicroscopen 
653 0 0 |a electron microscopes 
653 0 0 |a elektronenmicroscopie 
653 0 0 |a electron microscopy 
653 0 0 |a microscopie 
653 0 0 |a microscopy 
653 0 0 |a spectraalanalyse 
653 0 0 |a spectral analysis 
653 0 0 |a spectroscopie 
653 0 0 |a spectroscopy 
653 0 0 |a x radiation 
653 0 0 |a optica 
653 0 0 |a optics 
653 0 0 |a microanalyse 
653 0 0 |a microanalysis 
653 1 0 |a Biological Techniques 
653 1 0 |a Biologische technieken 
655 7 |a Electronic books.  |2 local 
655 2 |a Congress 
655 7 |a proceedings (reports)  |2 aat 
655 7 |a Conference papers and proceedings  |2 fast 
655 7 |a Conference papers and proceedings.  |2 lcgft 
655 7 |a Actes de congrès.  |2 rvmgf 
700 1 |a Lechene, Claude P.,  |e editor.  |1 https://id.oclc.org/worldcat/entity/E39PCjFvJrbJtbdYhB8X7DbBdP 
700 1 |a Warner, Ronald R.,  |e editor.  |1 https://id.oclc.org/worldcat/entity/E39PCjxkV4vggyHpb33pC6rhh3 
710 2 |a ScienceDirect (Online service) 
710 2 |a National Institutes of Health (U.S.).  |b Division of Research Resources.  |1 https://id.oclc.org/worldcat/entity/E39QQPVp7TCwqMwdFrvg73Tqp6 
776 1 |c Original  |w (DLC) 79024948  |w (OCoLC)5750850 
856 4 0 |u http://proxy.library.tamu.edu/login?url=https://www.sciencedirect.com/science/book/9780124403406  |z Connect to the full text of this electronic book  |t 0 
955 |a Elsevier ScienceDirect 2026-2027 
994 |a 92  |b TXA 
999 f f |i dbaae467-6710-4c95-bb5c-c964e6f6fc1a  |s 0b885dd2-a9c4-4d87-a960-473c4975e264  |t 0 
952 f f |a Texas A&M University  |b College Station  |c Electronic Resources  |s www_evans  |d Available Online  |t 0  |e QH324.9.X2 W67 1977  |h Library of Congress classification 
998 f f |a QH324.9.X2 W67 1977  |t 0  |l Available Online